000
00251nam a2200097Ia 4500
001
655206
005
20250826154532.0
008
250824s9999 xx 000 0 und d
245
0
_a
Ece Yüce/Yüce Nasıl Kanatlandı
_c
Gülten Dayıoğlu
260
_b
ALTIN
999
_c
655206
_d
655206